000 00818nam a2200241 i 4500
001 181065
003 ES-MaACL
005 20250325063044.0
008 121015s2011 sp | |||||||| | spa d
020 _a978-84-89624-78-8
080 _a32(510)"1976/..."
100 1 _aMuñoz, Marcelo,
_d1934-
_9151608
_eaut
245 1 0 _aChina 2050
_b: los grandes desafíos del gigante asiático /
_cMarcelo Muñoz.
260 _aMadrid :
_bKailas,
_c[2011]
300 _a279 p. ;
_c24 cm.
500 _aEn el lomo: 94.
504 _aBibliografía: p. 275-279.
651 4 _aChina-
_xPolítica y gobierno-
_y1976-2002.
_98058
651 4 _aChina-
_xPolítica y gobierno-
_y2002-
_9151609
852 _aES-MaACL
_jA-12284
_9187948
_bR.146756
_cDEPO1
_dOlim: N-5289
942 _2udc
_cMONOGRAFIA
999 _c181065
_d181065